Kaplan and Sadock's Synopisis of Psychiatry: (Record no. 1180)

MARC details
000 -LEADER
fixed length control field 00658nam a22002057a 4500
003 - CONTROL NUMBER IDENTIFIER
control field OSt
005 - DATE AND TIME OF LATEST TRANSACTION
control field 20230929074851.0
008 - FIXED-LENGTH DATA ELEMENTS--GENERAL INFORMATION
fixed length control field 150320b xxu||||| |||| 00| 0 eng d
020 ## - INTERNATIONAL STANDARD BOOK NUMBER
International Standard Book Number 068304530x
040 ## - CATALOGING SOURCE
Transcribing agency DLC
082 ## - DEWEY DECIMAL CLASSIFICATION NUMBER
Classification number WM 100 K141k 1994
100 ## - MAIN ENTRY--PERSONAL NAME
Personal name Kaplan, Harold I.; Sadock, Benjamin J.;Grebb, Jack A.
9 (RLIN) 3216
245 ## - TITLE STATEMENT
Title Kaplan and Sadock's Synopisis of Psychiatry:
Remainder of title behavioral sciences clinical psychiatry.
250 ## - EDITION STATEMENT
Edition statement 7th ed.
260 ## - PUBLICATION, DISTRIBUTION, ETC. (IMPRINT)
Place of publication, distribution, etc. Philadelphia;
Name of publisher, distributor, etc. Williams & wilkins,
Date of publication, distribution, etc. 1994.
300 ## - PHYSICAL DESCRIPTION
Extent xvi, 1257 p :
Other physical details ill;
Dimensions 27 cm.
504 ## - BIBLIOGRAPHY, ETC. NOTE
Bibliography, etc Includes bibliographical references and index.
650 ## - SUBJECT ADDED ENTRY--TOPICAL TERM
Topical term or geographic name as entry element Psychiatry
9 (RLIN) 351
942 ## - ADDED ENTRY ELEMENTS (KOHA)
Source of classification or shelving scheme Other/Generic Classification Scheme
Koha item type Short Loan
Holdings
Withdrawn status Lost status Source of classification or shelving scheme Damaged status Not for loan Home library Current library Date acquired Source of acquisition Inventory number Total Checkouts Full call number Barcode Date last seen Koha item type
    Other/Generic Classification Scheme     MUST Main Library MUST Main Library 20/03/2015 Donation 01/15398   WM 100 K141k 1994 2015-0511 20/03/2015 Short Loan
    Other/Generic Classification Scheme     MUST Main Library MUST Main Library 20/03/2015 Donation 01/15399   WM 100 K141k 1994 2015-0512 20/03/2015 Short Loan